[Event "Penang Heritage op 16th"]
[Site "Penang"]
[Date "2024.12.24"]
[Round "3"]
[White "Simanihuruk, Nathanael Dieudonne"]
[Black "Loo, Kai Jue Bryan"]
[Result "1-0"]
[WhiteElo "2052"]
[BlackElo "1712"]
[PlyCount "101"]
[EventDate "2024.12.23"]
[EventType "swiss"]
[EventRounds "9"]
[EventCountry "MAS"]
[SourceTitle "CB14_2025"]
[SourceDate "2024.11.01"]
[SourceVersion "1"]
[SourceVersionDate "2024.11.01"]
[SourceQuality "1"]

1. e4 e5 2. Nf3 Nc6 3. Bc4 Bc5 4. c3 Nf6 5. d3 d6 6. b4 Bb6 7. 0-0 Be6 8. Nbd2 0-0 9. a4 a6 10. a5 Ba7 11. Qb3 d5 12. exd5 Bxd5 13. Re1 Re8 14. Ne4 Bxc4 15. Qxc4 h6 16. Be3 Nxe4 17. dxe4 Bxe3 18. Rxe3 Qf6 19. Nd2 Qe6 20. Rd3 Qxc4 21. Nxc4 Rad8 22. Rad1 f6 23. Nb2 Rxd3 24. Nxd3 Rd8 25. Kf1 b6 26. axb6 cxb6 27. Ke2 a5 28. b5 Na7 29. c4 Rd4 30. Nb2 Rxe4+ 31. Kf3 Rf4+ 32. Ke3 f5 33. Rd5 Re4+ 34. Kd3 Kf8 35. Na4 Ke7 36. Nxb6 Rd4+ 37. Rxd4 exd4 38. Kxd4 Kd6 39. c5+ Ke6 40. Kc4 g5 41. Na4 Kd7 42. Nc3 h5 43. Kd5 f4 44. c6+ Kc7 45. Kc5 Nc8 46. Nd5+ Kb8 47. b6 h4 48. b7 Na7 49. Kb6 Nxc6 50. Kxc6 a4 51. Nb6 1-0